000 00801nam a22002657a 4500
001 BR8403810
003 BR-BrBNA
005 20230928092003.0
007 ta
008 230509b bl.||||| |||| 00| 0 por d
040 _aBR-BrBNA
_bpor
_cBiblioteca Nacional de Agricultura
041 _a(Por)
072 _aE10
_b/G514
090 _ E10 BR8403810
110 1 _aMinisterio da Agricultura, Brasilia, DF (Brasil). Secretaria de Programacao Orcamentaria e Financeira
_96831
245 1 _aProgramacao orcamentaria do Ministerio da Agricultura [Brasil]
260 3 _aBrasilia, DF (Brasil):
_c1984.
300 _a51 p.
500 _aNumerical data
650 _aAGRICULTURA
650 _aPROJETO DE DESENVOLVIMENTO
650 _aORCAMENTO
909 _a202309
_bLucia
_c55
_dLucia Elande
942 _cBK
999 _c36558
_d36558